[Event "Frankfurt Ch A 2015"]
[Site "Ffm-Höchst, BiKuZ"]
[Date "2015.05.18"]
[Round "4.18"]
[White "Lebermann, Hellmuth"]
[Black "Thole, Markus"]
[Result "1-0"]
[WhiteElo "1935"]
[BlackElo "1773"]
[PlyCount "65"]
[EventDate "2015.??.??"]
[WhiteTeam "SK Bad Homburg"]
[BlackTeam "SG Rödermark"]

1. c4 Nf6 2. Nc3 c5 3. Nf3 Nc6 4. e4 d6 5. d4 cxd4 6. Nxd4 Qb6 7. Be3 Nxd4 8.
Bxd4 Qa5 9. f3 e5 10. Be3 Be7 11. Qb3 O-O 12. Be2 Bd7 13. O-O Bc6 14. a4 Nd7
15. Qa3 Qd8 16. b4 b6 17. a5 Bg5 18. Bf2 Qc7 19. Rfd1 Be7 20. b5 Bb7 21. a6 Bc8
22. Nd5 Qd8 23. Nxe7+ Qxe7 24. Qxd6 Re8 25. Ra2 h6 26. Rad2 Nf6 27. Qxe7 Rxe7
28. Rd8+ Kh7 29. c5 bxc5 30. Bxc5 Rc7 31. Bd6 Rc2 32. Bd3 Ra2 33. Bxe5 1-0

[Event "Frankfurt Ch A 2015"]
[Site "Ffm-Höchst, BiKuZ"]
[Date "2015.05.18"]
[Round "4.20"]
[White "Breitwieser, Jasmin"]
[Black "Gutacker, Stephan"]
[Result "0-1"]
[WhiteElo "1925"]
[BlackElo "1809"]
[PlyCount "126"]
[EventDate "2015.??.??"]
[WhiteTeam "SF Frankfurt"]
[BlackTeam "Sfr. Kelkheim"]

1. d4 Nf6 2. c4 e6 3. Nc3 d5 4. cxd5 exd5 5. Bg5 c6 6. Qc2 Be7 7. e3 O-O 8. Nf3
Nbd7 9. Bd3 Re8 10. O-O Nf8 11. Rae1 Ng6 12. Ne5 Nd7 13. Bxe7 Qxe7 14. f4 Ndxe5
15. fxe5 Be6 16. Qf2 Qh4 17. Qxh4 Nxh4 18. b4 Ng6 19. Rf2 Rec8 20. Rc2 Ne7 21.
Rec1 a5 22. Na4 Rf8 23. b5 Rab8 24. Nb6 f6 25. exf6 Rxf6 26. Rf1 Rxf1+ 27. Bxf1
Nc8 28. Nxc8 Rxc8 29. bxc6 Rxc6 30. Rxc6 bxc6 31. Bd3 Kf7 32. Kf2 h6 33. a3 Ke7
34. Kf3 Kf6 35. Ba6 Bd7 36. Bb7 Ke7 37. Kf4 Kd6 38. h4 Ke6 39. Ba6 Kf6 40. Bd3
g5+ 41. hxg5+ hxg5+ 42. Kf3 Be6 43. Kg3 Bf5 44. Ba6 Ke7 45. Be2 Kd6 46. Bg4 Be4
47. Bh3 c5 48. dxc5+ Kxc5 49. Kg4 Kc4 50. Kxg5 Kb3 51. g3 Kxa3 52. Bd7 Kb4 53.
Kf6 a4 54. Bxa4 Kxa4 55. g4 Kb4 56. g5 Kc4 57. Ke5 Bh7 58. Kf4 Kd3 59. Ke5 Bg8
60. Kf4 Bf7 61. Kf3 Bg6 62. Kf4 Be4 63. Ke5 Kxe3 0-1

[Event "Frankfurt Ch A 2015"]
[Site "Ffm-Höchst, BiKuZ"]
[Date "2015.05.18"]
[Round "4.21"]
[White "Rutsatz, Mario"]
[Black "Reimer, Otto"]
[Result "0-1"]
[WhiteElo "1917"]
[BlackElo "1791"]
[PlyCount "82"]
[EventDate "2015.??.??"]
[WhiteTeam "SF Frankfurt"]
[BlackTeam "SK Bad Homburg"]

1. d4 Nf6 2. c4 g6 3. Nc3 Bg7 4. Nf3 O-O 5. Bf4 d6 6. e3 Nbd7 7. Be2 c5 8. O-O
Nh5 9. Bg5 Nhf6 10. h3 a6 11. Rc1 b6 12. e4 cxd4 13. Nxd4 Bb7 14. f3 Nh5 15.
Nd5 Re8 16. Kh2 Rc8 17. Qd2 Nhf6 18. Rfd1 e6 19. Nxf6+ Nxf6 20. Nc2 Rc5 21. b4
Rxg5 22. Qxg5 Qc7 23. Qg3 Nh5 24. Qf2 d5+ 25. Kg1 Bh6 26. exd5 exd5 27. Rb1
dxc4 28. Bf1 Bf4 29. g4 Bg3 30. Qd2 Nf4 31. Qd7 Qb8 32. Bxc4 Nxh3+ 33. Kf1 Ng5
34. Bd5 Bxd5 35. Qxd5 Qf4 36. Rb3 Bh4 37. Qd2 Qc4+ 38. Qd3 Qf4 39. Qd2 Qc4+ 40.
Qd3 Qf4 41. Nd4 Qh2 0-1

[Event "Frankfurt Ch A 2015"]
[Site "Ffm-Höchst, BiKuZ"]
[Date "2015.05.18"]
[Round "4.22"]
[White "Makilla, Tobias"]
[Black "Rolf, Marco"]
[Result "1/2-1/2"]
[WhiteElo "1767"]
[BlackElo "1913"]
[PlyCount "74"]
[EventDate "2015.??.??"]
[WhiteTeam "SC Hattersheim"]
[BlackTeam "SK Bad Homburg"]

1. e4 e6 2. d4 d5 3. Nd2 c5 4. exd5 Qxd5 5. dxc5 Nf6 6. Ngf3 Bxc5 7. Bc4 Qc6 8.
Qe2 O-O 9. Nb3 Bd6 10. Bg5 Nd5 11. O-O-O b5 12. Bxd5 exd5 13. Nfd4 Qc4 14. Rhe1
Bd7 15. Be7 Bf4+ 16. Kb1 Rc8 17. Qf3 Qc7 18. Qxd5 Na6 19. Rd3 Be6 20. Nxe6 Qxe7
21. Rd4 Re8 22. Rxf4 Qxe6 23. Qxe6 Rxe6 24. Re3 Rxe3 25. fxe3 Re8 26. Rf3 Nb4
27. c3 Nd5 28. Nd4 a6 29. Nc2 g5 30. Rg3 h6 31. Kc1 Nb6 32. Nb4 a5 33. Nc6 a4
34. Nd4 Re5 35. Rf3 Nc4 36. Rf5 Rxe3 37. Rxb5 a3 1/2-1/2

[Event "Frankfurt Ch A 2015"]
[Site "Ffm-Höchst, BiKuZ"]
[Date "2015.05.18"]
[Round "4.23"]
[White "Kellerwessel, Ralf"]
[Black "Liebske, Reiner"]
[Result "1-0"]
[WhiteElo "1913"]
[BlackElo "1771"]
[PlyCount "41"]
[EventDate "2015.??.??"]
[WhiteTeam "SC Bad Soden"]
[BlackTeam "SV Frankfurt Nord"]

1. e4 c5 2. c3 d5 3. exd5 Qxd5 4. d4 cxd4 5. cxd4 Nc6 6. Nf3 e5 7. Nc3 Bb4 8.
Bd2 Bxc3 9. Bxc3 Bg4 10. dxe5 Bxf3 11. Qxf3 Nge7 12. Be2 Nxe5 13. Qxd5 Nxd5 14.
Bxe5 O-O 15. O-O-O Nb4 16. Kb1 Rfe8 17. f4 Rac8 18. Rd2 f6 19. Bd6 Nd5 20. Bg4
Rc6 21. Rxd5 1-0

[Event "Frankfurt Ch A 2015"]
[Site "Ffm-Höchst, BiKuZ"]
[Date "2015.05.18"]
[Round "4.24"]
[White "Kolker, Vladislav"]
[Black "Stricker, Konstantin"]
[Result "0-1"]
[WhiteElo "1908"]
[BlackElo "1666"]
[PlyCount "52"]
[EventDate "2015.??.??"]
[WhiteTeam "SC Bad Nauheim"]
[BlackTeam "SC Eschbach"]

1. e4 c5 2. Nf3 d6 3. d4 cxd4 4. Nxd4 Nf6 5. Nc3 Nc6 6. Bc4 e6 7. Be3 Be7 8.
Qe2 O-O 9. O-O-O a6 10. Nxc6 bxc6 11. e5 Nd5 12. Nxd5 cxd5 13. exd6 Bxd6 14.
Bb3 Qc7 15. g3 Rb8 16. Kb1 a5 17. f4 Bd7 18. c3 a4 19. Bc2 Ba3 20. Bc1 Qxc3 21.
Bd3 Bxb2 22. Bxb2 a3 23. Rd2 axb2 24. Bc2 Bb5 25. Qd1 Bc4 26. Ba4 Qa3 0-1

[Event "Frankfurt Ch A 2015"]
[Site "Ffm-Höchst, BiKuZ"]
[Date "2015.05.18"]
[Round "4.25"]
[White "Rudolph, Lukas"]
[Black "Krischak, Werner"]
[Result "1-0"]
[WhiteElo "1899"]
[BlackElo "1681"]
[PlyCount "65"]
[EventDate "2015.??.??"]
[WhiteTeam "SK Niederbrechen"]
[BlackTeam "SK Marburg"]

1. e4 c6 2. d4 d5 3. Nc3 dxe4 4. Nxe4 Bf5 5. Ng3 Bg6 6. h4 h6 7. Nf3 Nd7 8. h5
Bh7 9. Bd3 Bxd3 10. Qxd3 e6 11. Bf4 Bb4+ 12. c3 Be7 13. Ne4 Ngf6 14. O-O-O Qa5
15. Kb1 Nxh5 16. Bd6 Nhf6 17. Bxe7 Kxe7 18. Rhe1 Rad8 19. Nfd2 Qf5 20. f3 Nb6
21. g4 Qg6 22. Ka1 Rhe8 23. Qe2 Kf8 24. Nxf6 Qxf6 25. Ne4 Qf4 26. Nc5 Qc7 27.
Qc2 Kg8 28. g5 hxg5 29. Rh1 g6 30. Rh6 Kg7 31. Rdh1 Rh8 32. Nxe6+ fxe6 33.
Qxg6+ 1-0

[Event "Frankfurt Ch A 2015"]
[Site "Ffm-Höchst, BiKuZ"]
[Date "2015.05.18"]
[Round "4.26"]
[White "Schellen, Sven"]
[Black "Zimpfer, Andreas"]
[Result "0-1"]
[WhiteElo "1729"]
[BlackElo "1890"]
[PlyCount "80"]
[EventDate "2015.??.??"]
[WhiteTeam "SF Frankfurt"]
[BlackTeam "SC Butzbach"]

1. d4 d5 2. c4 e6 3. Nf3 Nf6 4. g3 Be7 5. Bg2 O-O 6. O-O Nbd7 7. b3 Re8 8. Bb2
Nf8 9. Qc2 Bd7 10. Ne5 Bc8 11. Rd1 Ng6 12. Nc3 c6 13. e4 dxe4 14. Nxe4 Qc7 15.
Ng5 Rf8 16. h4 Nd7 17. Nxd7 Bxd7 18. Nxh7 Kxh7 19. h5 f5 20. hxg6+ Kxg6 21. Qc3
Rh8 22. Rac1 Rh7 23. Qe1 Bf6 24. Ba3 Re8 25. Qd2 Reh8 26. d5 e5 27. d6 Qd8 28.
Qe2 Kf7 29. c5 g5 30. f3 g4 31. fxg4 Qg8 32. Bb2 f4 33. Bxe5 Qe8 34. Qc4+ Kf8
35. Bxf6 Qe3+ 36. Kf1 fxg3 37. Bd4 Rh1+ 38. Bxh1 Rxh1+ 39. Kg2 Rh2+ 40. Kf1 g2#
0-1

[Event "Frankfurt Ch A 2015"]
[Site "Ffm-Höchst, BiKuZ"]
[Date "2015.05.18"]
[Round "4.27"]
[White "Dreis, Volker"]
[Black "Marzahn, Heiko"]
[Result "1-0"]
[WhiteElo "1847"]
[BlackElo "2025"]
[PlyCount "51"]
[EventDate "2015.??.??"]
[WhiteTeam "SV Frankfurt Nord"]
[BlackTeam "Sfr. Erbach"]

1. e4 c6 2. d4 d5 3. Nc3 dxe4 4. Nxe4 Nd7 5. Nf3 Ngf6 6. Nxf6+ Nxf6 7. Be2 g6
8. O-O Bg7 9. Ne5 Be6 10. c4 O-O 11. f4 Qb6 12. b3 Rfd8 13. Be3 Bf5 14. Bf3 h5
15. Qe1 Ng4 16. Bxg4 Bxg4 17. h3 Bf5 18. Rd1 f6 19. Nf3 Kf7 20. Qe2 Qc7 21. Nh4
Qc8 22. Bc1 Qe6 23. Qf2 Rd6 24. Ba3 Rd7 25. g4 hxg4 26. Rde1 1-0

[Event "Frankfurt Ch A 2015"]
[Site "Ffm-Höchst, BiKuZ"]
[Date "2015.05.18"]
[Round "4.28"]
[White "Orlinski, Wolfgang"]
[Black "Mahnke, Ralf"]
[Result "1/2-1/2"]
[WhiteElo "2004"]
[BlackElo "1873"]
[PlyCount "28"]
[EventDate "2015.??.??"]
[WhiteTeam "SF Frankfurt"]
[BlackTeam "SC Nidderau"]

1. c4 e5 2. Nc3 Nf6 3. g3 Nc6 4. Bg2 Bb4 5. e3 O-O 6. Nge2 Re8 7. a3 Bxc3 8.
Nxc3 e4 9. d3 exd3 10. Qxd3 b6 11. f4 Bb7 12. O-O Na5 13. b4 Bxg2 14. Kxg2 Nb3
1/2-1/2

[Event "Frankfurt Ch A 2015"]
[Site "Ffm-Höchst, BiKuZ"]
[Date "2015.05.18"]
[Round "4.29"]
[White "Bittner, Peter"]
[Black "Egenolf, Dirk"]
[Result "0-1"]
[WhiteElo "1814"]
[BlackElo "1930"]
[PlyCount "102"]
[EventDate "2015.??.??"]
[WhiteTeam "SC Nied"]
[BlackTeam "SK Niederbrechen"]

1. b3 d5 2. Bb2 c5 3. Nf3 Nc6 4. e3 Bg4 5. Be2 Nf6 6. d4 cxd4 7. Nxd4 Bxe2 8.
Qxe2 e6 9. O-O Be7 10. Nd2 O-O 11. f4 Rc8 12. Rac1 Nxd4 13. exd4 Bd6 14. c4 b6
15. a4 Qd7 16. g4 dxc4 17. bxc4 Qxa4 18. g5 Ne8 19. Qd3 f5 20. Qe3 Qd7 21. Nb3
Rf7 22. c5 Bf8 23. Rfe1 Nc7 24. Qe5 Qd5 25. Re3 Qd7 26. Re2 Nd5 27. Qxe6 Nxf4
28. Qxd7 Nxe2+ 29. Kf2 Rxd7 30. Kxe2 g6 31. c6 Rd6 32. c7 Rd7 33. Kd3 Bd6 34.
Rc2 Bxc7 35. Bc1 Re8 36. Kc4 a6 37. Ra2 b5+ 38. Kc5 Rc8 39. Kc6 Re7 40. Nc5
Bf4+ 41. Kb6 Bxc1 42. Rxa6 Be3 43. Kxb5 Bxd4 44. Ne6 Rb7+ 45. Ka4 Ba7 46. Ka3
Bg1 47. Nf4 Ra7 48. Rxa7 Bxa7 49. Kb4 Bb8 50. Nd5 Kf7 51. h3 f4 0-1

[Event "Frankfurt Ch A 2015"]
[Site "Ffm-Höchst, BiKuZ"]
[Date "2015.05.18"]
[Round "4.30"]
[White "Fischer, Ulrich"]
[Black "Schmitt, Hans Walter"]
[Result "1-0"]
[WhiteElo "1740"]
[BlackElo "1917"]
[PlyCount "123"]
[EventDate "2015.??.??"]
[WhiteTeam "Frankfurter TV"]
[BlackTeam "SC Bad Soden"]

1. e4 Nf6 2. Nc3 d5 3. e5 d4 4. exf6 dxc3 5. fxg7 cxd2+ 6. Qxd2 Qxd2+ 7. Bxd2
Bxg7 8. O-O-O Bf5 9. Ne2 e5 10. Ng3 Be6 11. Bd3 Nd7 12. Bf5 Bxf5 13. Nxf5 Bf8
14. Be3 O-O-O 15. Rd5 Rg8 16. g3 Nb6 17. Rxe5 Nd5 18. Bh6 f6 19. Re4 Bxh6+ 20.
Nxh6 Rge8 21. Rhe1 Rxe4 22. Rxe4 Kd7 23. Kd2 c5 24. a3 Ne7 25. Ke2 Rf8 26. Rf4
Ke6 27. Re4+ Kd6 28. g4 Ng6 29. Ke3 b5 30. f4 Ne7 31. Nf5+ Nxf5+ 32. gxf5 Rf7
33. Re6+ Kd5 34. Kf3 a5 35. Ra6 a4 36. h4 Kc4 37. Rb6 b4 38. axb4 cxb4 39. Ra6
Kb5 40. Ra8 Rc7 41. Rb8+ Ka5 42. Ra8+ Kb5 43. Rb8+ Ka5 44. Ra8+ Kb6 45. Rxa4
Kb5 46. Ra8 Rxc2 47. Rf8 Rc6 48. Re8 Ka4 49. Re6 Rc2 50. Rxf6 Kb3 51. Rb6 Rxb2
52. Ke4 Re2+ 53. Kd5 Rf2 54. Ke5 Re2+ 55. Kd4 Rh2 56. f6 Rd2+ 57. Ke5 Kc3 58.
f7 Rd8 59. Ke6 b3 60. Ke7 Rd4 61. Rxb3+ Kxb3 62. f8=Q 1-0

[Event "Frankfurt Ch A 2015"]
[Site "Ffm-Höchst, BiKuZ"]
[Date "2015.05.18"]
[Round "4.31"]
[White "Fischer, Lutz"]
[Black "Kuhn, Gerhard"]
[Result "1/2-1/2"]
[WhiteElo "1663"]
[BlackElo "1912"]
[PlyCount "110"]
[EventDate "2015.??.??"]
[WhiteTeam "SF Frankfurt"]
[BlackTeam "SK Marburg"]

1. e4 c6 2. d4 d5 3. e5 Bf5 4. Nf3 e6 5. Be2 c5 6. Be3 Qb6 7. Nc3 Nc6 8. Na4
Qa5+ 9. c3 c4 10. Nh4 Nge7 11. O-O Bg6 12. Bd2 Nf5 13. Nxg6 hxg6 14. b3 b5 15.
Nb2 Ba3 16. Rb1 Bxb2 17. Rxb2 Qc7 18. bxc4 bxc4 19. Qa4 O-O 20. Rfb1 Nfxd4 21.
cxd4 Nxd4 22. Bc3 Qxe5 23. Bxc4 dxc4 24. Qxc4 Rfd8 25. Rd2 Qf5 26. Rbd1 Rac8
27. Qa4 Ne2+ 28. Rxe2 Rxd1+ 29. Qxd1 Rxc3 30. Rd2 Rc8 31. h3 Qc5 32. Rd8+ Kh7
33. Rd2 Qc1 34. Qxc1 Rxc1+ 35. Kh2 Rc7 36. Kg3 g5 37. Kf3 Kg6 38. Ke4 Rc5 39.
Rd7 Ra5 40. Rd2 Kf6 41. g3 Ra4+ 42. Kd3 Ke5 43. Re2+ Kd5 44. Kc3 f5 45. Kb3 Ra6
46. Rd2+ Ke5 47. Re2+ Kd5 48. Rd2+ Ke5 49. Re2+ Kf6 50. Kb4 e5 51. a4 e4 52. a5
Ke5 53. Rc2 Rf6 54. Rc7 a6 55. Rxg7 Rf8 1/2-1/2

[Event "Frankfurt Ch A 2015"]
[Site "Ffm-Höchst, BiKuZ"]
[Date "2015.05.18"]
[Round "4.32"]
[White "Beinrucker, Clemens"]
[Black "Lessmann, Sven"]
[Result "1-0"]
[WhiteElo "1902"]
[BlackElo "1482"]
[PlyCount "75"]
[EventDate "2015.??.??"]
[WhiteTeam "SK Niederbrechen"]
[BlackTeam "SC Bad Soden"]

1. e4 d6 2. d4 Nf6 3. Nc3 g6 4. Nf3 Bg7 5. h3 O-O 6. Be3 Nbd7 7. Qd2 c5 8.
O-O-O cxd4 9. Nxd4 Nc5 10. f3 a6 11. Nf5 gxf5 12. Bxc5 Qc7 13. Bd4 fxe4 14.
fxe4 e5 15. Be3 Ne8 16. Nd5 Qd8 17. g4 Be6 18. g5 Bxd5 19. exd5 f5 20. gxf6
Nxf6 21. Rg1 Rf7 22. Be2 Qc7 23. h4 Rc8 24. h5 Nxd5 25. Bh6 Nb4 26. Bd3 Nxd3+
27. Qxd3 Kh8 28. Bxg7+ Rxg7 29. Rxg7 Qxg7 30. Qxd6 h6 31. Qe6 Qg5+ 32. Kb1 Rg8
33. c4 Qxh5 34. Qf6+ Rg7 35. Rg1 Qf7 36. Qxh6+ Rh7 37. Qg5 Qe8 38. Qf6+ 1-0

[Event "Frankfurt Ch A 2015"]
[Site "Ffm-Höchst, BiKuZ"]
[Date "2015.05.18"]
[Round "4.33"]
[White "Illenberger, Dirk"]
[Black "Göbel, Andreas"]
[Result "1/2-1/2"]
[WhiteElo "1698"]
[BlackElo "1897"]
[PlyCount "26"]
[EventDate "2015.??.??"]
[WhiteTeam "TSG Nieder-Erlenbach"]
[BlackTeam "SC Brett vorm Kopp"]

1. e4 e6 2. d4 d5 3. Nc3 Nf6 4. Bg5 dxe4 5. Nxe4 Be7 6. Nxf6+ Bxf6 7. Bxf6 Qxf6
8. Bd3 Bd7 9. Be4 Bc6 10. Qd3 Bxe4 11. Qxe4 c6 12. Nf3 Nd7 13. O-O O-O 1/2-1/2

[Event "Frankfurt Ch A 2015"]
[Site "Ffm-Höchst, BiKuZ"]
[Date "2015.05.18"]
[Round "4.34"]
[White "Witt, Holger"]
[Black "Kretner, Georg-Ulrich"]
[Result "0-1"]
[WhiteElo "1506"]
[BlackElo "1874"]
[PlyCount "152"]
[EventDate "2015.??.??"]
[WhiteTeam "SC Viernheim"]
[BlackTeam "SC Bad Nauheim"]

1. d4 f5 2. Nc3 Nf6 3. Bg5 d5 4. Bxf6 exf6 5. e3 c6 6. Bd3 Bd6 7. Qf3 g6 8.
Nge2 O-O 9. a3 a5 10. Nf4 Qe7 11. O-O g5 12. Nfxd5 cxd5 13. Nxd5 Qf7 14. Nb6 g4
15. Qd5 Qxd5 16. Nxd5 Nc6 17. Nb6 Ra7 18. Nxc8 Rxc8 19. Bxf5 Rc7 20. Bxg4 Ne7
21. c4 f5 22. Be2 b6 23. Rac1 Nc6 24. Rfd1 a4 25. Bf3 Na5 26. Bd5+ Kg7 27. Rc3
Kf6 28. g3 h5 29. h4 Rg7 30. e4 fxe4 31. Bxe4 Rac7 32. Bd5 Rge7 33. Kf1 Nb3 34.
Rf3+ Kg6 35. c5 bxc5 36. Bxb3 axb3 37. Rxb3 c4 38. Rc3 Kf5 39. Rd2 Kg4 40. Kg2
Re8 41. Rdc2 Rec8 42. f3+ Kf5 43. Re3 Rg8 44. f4 Rb8 45. d5 Rb5 46. Rd2 Rb3 47.
Re6 Rxg3+ 48. Kxg3 Bxf4+ 49. Kf3 Bxd2 50. Rc6 Ba5 51. Ra6 Rc5 52. d6 Ke5 53. d7
Bc7 54. Rh6 Kd4 55. Rd6+ Rd5 56. Rc6 Rxd7 57. a4 Bd8 58. Rh6 Rd5 59. a5 Bxa5
60. Rg6 Bd8 61. Rg1 Bxh4 62. Rd1+ Kc5 63. Rc1 Bf6 64. b3 c3 65. Ke4 Rd6 66. Kf5
Kb4 67. Kg6 h4 68. Rh1 Kxb3 69. Kh5 Kb2 70. Rxh4 Bxh4 71. Kxh4 Rg6 72. Kh5 Rg1
73. Kh4 c2 74. Kh3 c1=Q 75. Kh2 Rg8 76. Kh3 Qh1# 0-1

[Event "Frankfurt Ch A 2015"]
[Site "Ffm-Höchst, BiKuZ"]
[Date "2015.05.18"]
[Round "4.36"]
[White "John, Volkmar"]
[Black "Teschler, Ulrich"]
[Result "0-1"]
[WhiteElo "1540"]
[BlackElo "2001"]
[PlyCount "46"]
[EventDate "2015.??.??"]
[WhiteTeam "SK Herborn"]
[BlackTeam "SV Fechenheim"]

1. c4 c6 2. Nc3 f5 3. g3 Nf6 4. Bg2 g6 5. Nf3 Bg7 6. d4 O-O 7. O-O d6 8. Qc2
Nbd7 9. Ng5 Nb6 10. b3 h6 11. Nf3 Qc7 12. Bb2 a5 13. Nh4 Kh7 14. f4 Ng4 15. Qd3
e5 16. fxe5 dxe5 17. dxe5 Rd8 18. Qb1 Qxe5 19. e4 Qd4+ 20. Kh1 Nf2+ 21. Rxf2
Qxf2 22. exf5 Bxf5 23. Nxf5 gxf5 0-1

[Event "Frankfurt Ch A 2015"]
[Site "Ffm-Höchst, BiKuZ"]
[Date "2015.05.18"]
[Round "4.37"]
[White "Wagner, Günter"]
[Black "Gräbner, Walter"]
[Result "0-1"]
[WhiteElo "1529"]
[BlackElo "1955"]
[PlyCount "112"]
[EventDate "2015.??.??"]
[WhiteTeam "SV Groß-Gerau"]
[BlackTeam "SC Nied"]

1. Nf3 d5 2. c4 e6 3. g3 Nf6 4. Bg2 c6 5. b3 dxc4 6. bxc4 Nbd7 7. O-O Bd6 8.
Bb2 O-O 9. d3 e5 10. Nbd2 Re8 11. Ng5 Qe7 12. Qb3 Nc5 13. Qc2 h6 14. Nge4 Nfxe4
15. Nxe4 Nxe4 16. Bxe4 f5 17. Bg2 f4 18. a4 Bf5 19. Qb3 Bc5 20. Ba3 Bxa3 21.
Qxa3 Rad8 22. Qxe7 Rxe7 23. Rfd1 Kf7 24. a5 a6 25. Kf1 g5 26. Rab1 h5 27. h4
gxh4 28. gxh4 Kf6 29. f3 Rg8 30. Kf2 Rg3 31. Rh1 Reg7 32. Rbg1 Ke6 33. Bf1 Rxg1
34. Rxg1 Rxg1 35. Kxg1 Kd6 36. Kf2 Kc5 37. e4 Be6 38. Ke2 Kb4 39. Kd2 c5 40.
Kc2 Kxa5 41. Kb3 b5 42. Ka3 b4+ 43. Kb3 Bd7 44. Be2 Ba4+ 45. Kb2 Kb6 46. Ka2 a5
47. Kb2 Bd7 48. Bd1 a4 49. Ka2 Ka5 50. Kb2 a3+ 51. Ka2 Ba4 52. Bb3 Bxb3+ 53.
Kxb3 Ka6 54. Ka2 Kb6 55. Kb1 Ka5 56. Ka1 b3 0-1

[Event "Frankfurt Ch A 2015"]
[Site "Ffm-Höchst, BiKuZ"]
[Date "2015.05.18"]
[Round "4.38"]
[White "Lanz, Jürgen"]
[Black "Diehl, Stefan"]
[Result "1/2-1/2"]
[WhiteElo "1526"]
[BlackElo "1739"]
[PlyCount "30"]
[EventDate "2015.??.??"]
[WhiteTeam "SC Hattersheim"]
[BlackTeam "SC Höchst"]

1. d4 Nf6 2. c4 g6 3. f3 Bg7 4. e4 d6 5. Be3 O-O 6. Nc3 e5 7. dxe5 dxe5 8. Qxd8
Rxd8 9. Rd1 Rxd1+ 10. Kxd1 c6 11. g3 Ne8 12. Bh3 Bxh3 13. Nxh3 Na6 14. Ke2 b6
15. Rd1 h6 1/2-1/2

[Event "Frankfurt Ch A 2015"]
[Site "Ffm-Höchst, BiKuZ"]
[Date "2015.05.18"]
[Round "4.39"]
[White "Popp, Matthias"]
[Black "Rauscher, Joachim"]
[Result "1/2-1/2"]
[WhiteElo "1522"]
[BlackElo "1714"]
[PlyCount "67"]
[EventDate "2015.??.??"]
[WhiteTeam "SC Bergen-Enkheim"]
[BlackTeam "SC Brett vorm Kopp"]

1. d4 d5 2. Nf3 Nf6 3. Bf4 e6 4. Nbd2 Be7 5. e3 O-O 6. Bd3 b6 7. c3 Bb7 8. Qc2
Nbd7 9. O-O-O c5 10. Ne5 c4 11. Be2 b5 12. g4 a5 13. g5 Ne4 14. Nxe4 dxe4 15.
h4 Bd5 16. Rdg1 b4 17. Nxc4 bxc3 18. bxc3 Bxc4 19. Bxc4 Ba3+ 20. Kd2 e5 21. Bg3
Nb6 22. Bb5 exd4 23. cxd4 Bb4+ 24. Ke2 Nd5 25. Kf1 Rc8 26. Qxe4 Nc3 27. Qf5
Nxb5 28. Qxb5 Rc1+ 29. Ke2 Rc2+ 30. Kd3 Rd2+ 31. Ke4 Re8+ 32. Be5 Rxf2 33. Rf1
Qa8+ 34. Qd5 1/2-1/2

[Event "Frankfurt Ch A 2015"]
[Site "Ffm-Höchst, BiKuZ"]
[Date "2015.05.18"]
[Round "4.40"]
[White "Wich, Manuela"]
[Black "Bernig, Andreas"]
[Result "0-1"]
[WhiteElo "1441"]
[BlackElo "1711"]
[PlyCount "96"]
[EventDate "2015.??.??"]
[WhiteTeam "SF Friedberg"]
[BlackTeam "SV Oberursel"]

1. e4 e6 2. d4 d5 3. Nc3 Nf6 4. Bg5 Be7 5. e5 Nfd7 6. Bxe7 Qxe7 7. Bd3 O-O 8.
Qh5 f5 9. Nf3 a6 10. g4 g6 11. Qh6 Qg7 12. Qxg7+ Kxg7 13. g5 c5 14. h4 cxd4 15.
Ne2 Nc6 16. h5 Ndxe5 17. Nxe5 Nxe5 18. Nxd4 Nxd3+ 19. cxd3 e5 20. Nb3 b6 21.
Rc1 Bb7 22. Kd2 Rac8 23. h6+ Kf7 24. Rxc8 Rxc8 25. Rc1 Rxc1 26. Nxc1 f4 27. d4
e4 28. Ne2 Ke6 29. Nxf4+ Kf5 30. Ke3 Kxg5 31. Ne6+ Kxh6 32. Kf4 Kh5 33. Ng7+
Kh4 34. Ne6 h6 35. Ng7 g5+ 36. Ke3 Kg4 37. Ne8 Kh5 38. Nf6+ Kg6 39. Nd7 h5 40.
Ne5+ Kf5 41. Nf7 h4 42. Ke2 Kf4 43. Kf1 h3 44. Ne5 e3 45. f3 a5 46. Ke1 h2 47.
Ke2 Ba6+ 48. Nd3+ Bxd3+ 0-1

[Event "Frankfurt Ch A 2015"]
[Site "Ffm-Höchst, BiKuZ"]
[Date "2015.05.18"]
[Round "4.41"]
[White "Thomsen, Walter Matias"]
[Black "Hinz, André"]
[Result "0-1"]
[WhiteElo "1418"]
[BlackElo "1690"]
[PlyCount "62"]
[EventDate "2015.??.??"]
[WhiteTeam "SC Bad Soden"]
[BlackTeam "VfB Lettin"]

1. d4 Nf6 2. Nf3 g6 3. Bf4 Bg7 4. e3 c5 5. c3 cxd4 6. exd4 O-O 7. Bd3 b6 8.
Nbd2 Bb7 9. O-O d6 10. Qc2 Nc6 11. Rfe1 Rc8 12. Bc4 Na5 13. Bd3 Nd5 14. Bg5 f6
15. Bh4 Qd7 16. a3 e5 17. dxe5 dxe5 18. Bg3 Rfd8 19. Be4 Kh8 20. Rad1 Qb5 21.
Bxg6 hxg6 22. Qxg6 Ne7 23. Qh5+ Kg8 24. Rb1 Nc4 25. Nxc4 Qxc4 26. Qh4 Qxh4 27.
Nxh4 Kf7 28. Rbd1 Bh6 29. f3 Bg5 30. Bf2 Bc6 31. h3 Rh8 0-1

[Event "Frankfurt Ch A 2015"]
[Site "Ffm-Höchst, BiKuZ"]
[Date "2015.05.18"]
[Round "4.42"]
[White "Viol, Julius"]
[Black "Mehl, Ulrich"]
[Result "0-1"]
[WhiteElo "1683"]
[BlackElo "1571"]
[PlyCount "106"]
[EventDate "2015.??.??"]
[WhiteTeam "FC Bierstadt"]
[BlackTeam "TSG Nieder-Erlenbach"]

1. d4 d5 2. c4 e6 3. Nc3 Nf6 4. Bg5 Be7 5. Nf3 O-O 6. e3 b6 7. Be2 dxc4 8. Bxc4
Bb7 9. O-O Nbd7 10. Rc1 c5 11. Bd3 Rc8 12. Nd2 cxd4 13. exd4 Nd5 14. Bxe7 Qxe7
15. Nxd5 Bxd5 16. a3 Rfd8 17. Re1 Nf6 18. Rxc8 Rxc8 19. Nf1 Qd6 20. Ne3 Bb7 21.
f3 h6 22. Kf1 Qxh2 23. Ke2 Nd5 24. Rh1 Nxe3 25. Rxh2 Nxd1 26. Kxd1 Rd8 27. Rh4
e5 28. Kc2 Rxd4 29. Rxd4 exd4 30. Kb3 Kf8 31. Bb5 a6 32. Bd3 Bd5+ 33. Kc2 b5
34. a4 Bc6 35. Be2 Ke7 36. a5 Bd5 37. Bd1 Kd6 38. Kd3 Kc5 39. g3 f5 40. g4 fxg4
41. fxg4 g6 42. g5 h5 43. b4+ Kxb4 44. Kxd4 Bb3 45. Be2 Bc2 46. Kd5 Kxa5 47.
Kc5 b4 48. Kc4 Ka4 49. Kd4 a5 50. Kc4 Ka3 51. Kd4 Kb2 52. Bc4 b3 53. Kc5 a4 0-1

[Event "Frankfurt Ch A 2015"]
[Site "Ffm-Höchst, BiKuZ"]
[Date "2015.05.18"]
[Round "4.43"]
[White "Neubauer, Robert"]
[Black "Günther, Rainer"]
[Result "1-0"]
[WhiteElo "1670"]
[BlackElo "1554"]
[PlyCount "77"]
[EventDate "2015.??.??"]
[WhiteTeam "SK Bad Homburg"]
[BlackTeam "SV Mainz-Mombach"]

1. e4 c5 2. Nf3 d6 3. d4 cxd4 4. Nxd4 Nf6 5. Nc3 a6 6. Bg5 e5 7. Nb3 Be6 8. Be2
Nbd7 9. O-O Be7 10. h3 h6 11. Be3 O-O 12. a4 Qc7 13. Qd2 Nc5 14. Nxc5 dxc5 15.
Nd5 Bxd5 16. exd5 c4 17. a5 Ne4 18. Qe1 Bc5 19. Bf3 Bxe3 20. fxe3 f5 21. Bxe4
fxe4 22. Qh4 Rxf1+ 23. Rxf1 Rf8 24. Rxf8+ Kxf8 25. Qxe4 Ke7 26. Qg6 Qxa5 27.
Qe6+ Kf8 28. Qxe5 Qc5 29. Qb8+ Kf7 30. Qxb7+ Kg8 31. Qb8+ Kh7 32. Qe5 a5 33.
Kh2 a4 34. c3 Qb5 35. Qf5+ Kh8 36. Qf8+ Kh7 37. d6 Qxb2 38. d7 a3 39. Qf5+ 1-0

[Event "Frankfurt Ch A 2015"]
[Site "Ffm-Höchst, BiKuZ"]
[Date "2015.05.18"]
[Round "4.44"]
[White "Raquet, Helmut"]
[Black "Schlumbohm, Nils"]
[Result "1/2-1/2"]
[WhiteElo "1644"]
[BlackElo "1549"]
[PlyCount "54"]
[EventDate "2015.??.??"]
[WhiteTeam "SC Nied"]
[BlackTeam "TSG Nieder-Erlenbach"]

1. d4 d5 2. c4 c6 3. e3 Nf6 4. Nc3 e6 5. Nf3 Nbd7 6. Bd3 dxc4 7. Bxc4 b5 8. Bd3
Bb7 9. O-O a6 10. Qc2 Rc8 11. Qe2 c5 12. dxc5 Nxc5 13. Rd1 Qb6 14. Bc2 b4 15.
Na4 Qa7 16. Nxc5 Bxc5 17. Ba4+ Ke7 18. Bd2 Bc6 19. Bxc6 Rxc6 20. Rac1 Rhc8 21.
Ne5 R6c7 22. Nd3 a5 23. Nxc5 Rxc5 24. Rxc5 Qxc5 25. h3 Qc4 26. Qf3 Qe4 27. Qe2
Qc4 1/2-1/2

[Event "Frankfurt Ch A 2015"]
[Site "Ffm-Höchst, BiKuZ"]
[Date "2015.05.18"]
[Round "4.45"]
[White "Stulken, Dietmar"]
[Black "Leibold, Mathias"]
[Result "0-1"]
[WhiteElo "1392"]
[BlackElo "1616"]
[PlyCount "68"]
[EventDate "2015.??.??"]
[WhiteTeam "SF Frankfurt"]
[BlackTeam "SV Fechenheim"]

1. e4 c5 2. Nf3 Nc6 3. Bb5 Nf6 4. e5 Nd5 5. c4 Nf4 6. O-O Qc7 7. Re1 Nd3 8. Re3
Ncxe5 9. Nxe5 Nxe5 10. d4 cxd4 11. Qxd4 Nc6 12. Qd3 a6 13. Ba4 Ne5 14. Qe4 Nxc4
15. Rc3 Nd6 16. Qe2 Qd8 17. Bf4 e6 18. Nd2 Be7 19. Bxd6 Bxd6 20. Qe4 O-O 21.
Rh3 f5 22. Qd4 Qe7 23. Nf3 Bb8 24. Qd2 b5 25. Bc2 Bb7 26. Qe3 Qf6 27. Rb1 Ba7
28. Qd3 Be4 29. Qe2 Bxc2 30. Qxc2 Rac8 31. Qd3 Rc7 32. Qd6 Qxb2 33. Rf1 Qxf2+
34. Rxf2 Rc1+ 0-1